000 00745nam a2200253 i 4500
001 000031696
003 DO-SdBNP
005 20230815091822.0
007 ta
008 110630s1976 dr r 000 0 spa d
040 _aDO-SdBNP
_bspa
_cBNPHU
_erda
082 _axxxx
_bL115c
_222
100 _95470
110 _983951
245 1 0 _aEl clero y las vocaciones sacerdotales en República Dominicana /
_cIvan Labbe M.S.C., ; prólogo de Mons. H.E.Polanco B.
264 _aSanto Domingo :
_bImprimatur,
_c1976.
300 _a294 páginas;
_c24 cm.
336 _2rdacontent
_atexto
_btxt
337 _2rdamedia
_asin mediación
_bn
338 _2rdacarrier
_avolumen
_bnc
590 _aInventariado, 2023/DG
910 _aDG
942 _2ddc
_cLBS1
999 _c54406
_d54406